000 00491nam a2200157Ia 4500
008 170221s9999 xx 000 0 und d
100 _aVittorio Marone
245 _a“Keep in mind that I will be improving”: The Opening Post as a Request for Absolution
245 _cVittorio Marone
260 _bOnline Journal of Communication and Media Technologies
260 _c2015
300 _a5 : 1
650 _xCommunication
650 _xMedia Arts
856 _uhttp://www.ojcmt.net/
999 _c306928
_d306928